Potrat je zabitie človeka

Bibliographic Details
Main Author: Daniška, Patrik (Author)
Format: Article
Language:Slovak
ISSN:1336-6955
Subjects:

MARC

LEADER 00000nab a2200000 ar4500
001 vtls008963628
003 SK-MaSNL
005 20260305022808.0
008 250505c2007 xo qr|p|||||||000 b|slo
015 |a SNBRB2007/04  |2 snkbucl 
035 |a (sysno)vtls008963628 
035 |a urn:nbn:sk:snk-ab7cmg 
035 |a (uuid)3a4d92fc-c485-432d-b3bf-030c0b2d94fa 
035 |a (urnnbn)urn:nbn:sk:snk:ar-a07j7l 
038 |a SNKBUCL 
040 |a SNKBUCL  |b slo  |c SNKBUCL  |e AACR2 
041 0 |a slo 
044 |a xo  |c SK 
080 |a 179.7:27-72  |2 2001 
080 |a 26/28  |2 2001 
080 |a 618.39-089.888.14  |2 2001 
100 1 |a Daniška, Patrik  |4 aut  |9 565688 
245 1 0 |a Potrat je zabitie človeka  |c Patrik Daniška 
504 |a Bibliogr. odkazy 
650 0 7 |a interrupcia  |2 snkbucl  |9 14149 
650 0 7 |a náboženstvo  |2 snkbucl  |9 2023 
650 0 7 |a morálka  |2 snkbucl  |9 795 
650 0 7 |a etika  |2 snkbucl  |9 792 
773 0 |t Impulz  |g Roč. 3, č. 1 (2007), s. 45-69  |x 1336-6955 
850 |a Slovenská národná knižnica 
852 |a Slovenská národná knižnica 
954 |a odborná, vedecká literatúra pôvodná (slovenská)  |2 lita 
958 |a article2022 
958 |a NB 
958 |a OND 
958 |a EUIPO 
999 |c 3292787  |d 3294717